| 000 | 01372cam a2200229 4500 | ||
|---|---|---|---|
| 001 | X123142 | ||
| 008 | 030729n2003 000 0 eng u | ||
| 035 | _a(Sirsi) u123142 | ||
| 100 | _aPowell, D. | ||
| 245 | _aWhy there is no need for a precise cadastre in England and Wales | ||
| 260 | _c2003 | ||
| 490 |
_aGeomatics World _v11(5) July/August 2003, 34-35(2) |
||
| 520 | _aExplains why precise cadastre is not needed in England and Wales and argues that the general boundaries principle is sufficient. Briefly outlines the general boundaries rule under the Land Registration Act 2002 s60 and highlights the provision for property owners to have their boundaries determined if required. Argues that OS Digital Mapping can be used for identifying general property limits and dismisses the argument that England and Wales should adopt precise cadastre because other countries have. Points out the high cost of introducing precise cadastre and discusses the idea that it would generate lots of work for geomaticians. Concludes that the general boundaries rule suits England and Wales and is likely to last into the next century. | ||
| 650 | _aCADASTRE | ||
| 650 |
_aGeomatics _96242 |
||
| 650 | _aPROPERTY OWNERS | ||
| 650 | _aLAND REGISTRATION ACT 2002 | ||
| 650 |
_aBoundary disputes _96221 |
||
| 650 | _aLAND REGISTRATION | ||
| 690 | _aPROPERTY | ||
| 942 | _n0 | ||
| 999 |
_c73126 _d73126 |
||